Logo BPK

Biblioteka

Politechniki Koszalińskiej

Physical Geology / (Rekord nr 30171)

Szczegóły MARC
000 -ETYKIETA REKORDU
podpole kontrolne o stałej długości 00596nam a2200229 i 4500
001 - NUMER KONTROLNY REKORDU
pole kontrolne bg
020 ## - MIĘDZYNARODOWY ZNORMALIZOWANY NUMER KSIĄŻKI - ISBN
ISBN 0697050920
040 ## - ŹRÓDŁO KATALOGOWANIA
Instytucja, która utworzyła rekord BPK
041 0# - KOD JĘZYKA
Kod języka tekstu en
080 ## - UNIWERSALNA KLASYFIKACJA DZIESIĘTNA - UKD
UKD 551.1/.4
920 ## - Międzynarodowy znormalizowany numer książki – ISBN
ISBN 0-697-05092-0
008 - POLE O STAŁEJ DŁUGOŚCI - DANE KONTROLNE
podpole kontrolne o stałej długości s pl f |000 0 pol
100 1# - NAZWA OSOBOWA
Nazwa osobowa PLUMMER, Charles C.
245 #0 - TYTUŁ/ODPOWIEDZIALNOŚĆ
Tytuł Physical Geology /
Pozostałe elementy strefy tytułu i oznaczenia odpowiedzialności Charles C. Plummer, David McGeary.
250 ## - STREFA WYDANIA
Oznaczenie wydania 4 ed.
260 ## - STREFA ADRESU WYDAWNICZEGO
Miejsce wydania Dubuque :
Nazwa wydawcy/dystrybutora Wm.C.Brown,
Data publikacji, dystrybucji/powstania dokumentu cop.1988.
300 ## - STREFA OPISU FIZYCZNEGO
Objętość 535 s. :
Inne cechy fizyczne fot.(w tym kolor.),rys. ;
Rozmiary 25 cm.
504 ## - UWAGA DOTYCZĄCA BIBLIOGRAFII
Informacje o bibliografii Bibliogr. przy rozdz.
650 #9 - HASŁO PRZEDMIOTOWE W FORMIE NAZWY OGÓLNEJ LUB JEDNOSTKOWEJ
Nazwa ogólna lub geograficzna Geologia
700 1# - HASŁO DODATKOWE - NAZWA OSOBOWA
Nazwa osobowa McGEARY, David
856 ## - LOKALIZACJA I DOSTĘP DO ELEKTRONICZNYCH DOKUMENTÓW ZDALNYCH
Link (URL) http://koha.tu.koszalin.pl/cgi-bin/koha/opac-detail.pl?biblionumber=30171
Tekst linku Katalog online BPK
942 ## - DODATKOWE ELEMENTY (KOHA)
Typ dokumentu Książka
Egzemplarze
Wycofany Status egzemplarza Uszkodzony Dostępność Lokalizacja stała Lokalizacja bieżąca Miejsce przechowywania Sygnatura Kod kreskowy Typ dokumentu
      Dostępny Biblioteka Politechniki Koszalińskiej Biblioteka Politechniki Koszalińskiej Wypożyczalnia BG 36784 01303506 Książka
© 2023 Biblioteka Politechniki Koszalińskiej :: KOHA